अंधकार में एक प्रकाश जयप्रकाश (Record no. 1016794)

MARC details
000 -LEADER
fixed length control field 00997nam a2200265Ia 4500
003 - CONTROL NUMBER IDENTIFIER
control field OSt
005 - DATE AND TIME OF LATEST TRANSACTION
control field 20221005105740.0
008 - FIXED-LENGTH DATA ELEMENTS--GENERAL INFORMATION
fixed length control field 221004b |||||||| |||| 00| 0 hin d
037 ## - SOURCE OF ACQUISITION
Terms of availability Textual
040 ## - CATALOGING SOURCE
Original cataloging agency CRL
Transcribing agency CRL
Language of cataloging hin
041 ## - LANGUAGE CODE
Source of code hin
Language code of text/sound track or separate title hin
100 ## - MAIN ENTRY--PERSONAL NAME
Personal name लक्ष्मीनारायण लाल, ले.
9 (RLIN) 623934
245 #0 - TITLE STATEMENT
Title अंधकार में एक प्रकाश जयप्रकाश
246 ## - VARYING FORM OF TITLE
Title proper/short title Aandhakār mean ek prakāsh jayaprakāsha
260 ## - PUBLICATION, DISTRIBUTION, ETC.
Place of publication, distribution, etc. नई दिल्ली
Name of publisher, distributor, etc. सरस्वती विहार भारत
Date of publication, distribution, etc. 1977
300 ## - PHYSICAL DESCRIPTION
Extent 135पृ0
Dimensions cm.
650 ## - SUBJECT ADDED ENTRY--TOPICAL TERM
Topical term or geographic name entry element स्वतंत्रता सेनानी
942 ## - ADDED ENTRY ELEMENTS (KOHA)
Classification part V2y7N02, 152L7
Koha item type Textual
Source of classification or shelving scheme
Holdings
Withdrawn status Lost status Damaged status Not for loan Home library Current library Date acquired Source of acquisition Total Checkouts Full call number Barcode Date last seen Price effective from Koha item type
        Central Library Central Library 2022-10-05 Gift, 28/08/2018,   V2y7N02 152L7 CL1172226 2022-10-05 2022-10-05 Textual
Copyright @ Delhi University Library System